| 000 | 01423nam a22001697a 4500 | ||
|---|---|---|---|
| 003 | NUST | ||
| 005 | 20221103094839.0 | ||
| 008 | 221103b ||||| |||| 00| 0 eng d | ||
| 082 | _a604.2,BHA | ||
| 100 | _aBhatt, N.D. | ||
| 245 |
_aEngineering drawing : _bplane and solid geometry / _cN.D.Bhatt, |
||
| 260 |
_aPradipikumar _bIndia _c2016 |
||
| 300 | _axvi, 719 p | ||
| 505 | _aDrawing Instruments and their uses (Page-01), Sheet Layout and Free hand Sketching (Page-21), Lines, Lettering and Dimensioning (Page-33), Scaling (Page-51), Geometrical Constriction (Page-60), Curves Uses and Engineering Practice (Page-101), LOCI of Points (Page-151), Orthographic Projection (page-169), Projections of Points (Page-189), Projections of Straight Lines (Page-195), Projection on Auxiliary Planes (Page-241), Projection on Planes (Page-255), Projections of Solids (Page-271), Sections of Solids (Page-313), Development of Surface (Page-351), Intersection of Surfaces (Page-351), Isometric Projection (Page-381), Oblique Projection (page-465), Perspective Projections (Page-477), Orthographic reading and Conversion of Views (Page-511), Centers of Gravity and Moment of Inertia of Areas (Page-539), Nomography (Page-555), Screw Threads (Page-573), Screw Fastenings (Page-585), Riveted Joints and Welded Joints (Page-607), Computer Aided Drafting (CADs) (Page-621) | ||
| 651 |
_aEngineering drawing _9102284 |
||
| 942 |
_2ddc _cBK |
||
| 999 |
_c592233 _d592233 |
||